México en el orden internacional de la propiedad intelectual /

Se compilan aquí tratados multilaterales y bilaterales que México ha suscrito en materia de propiedad intelectual, así como los instrumentos emitidos por la Organización Mundial de la Propiedad Intelectual que son aplicables a México.

-д хадгалсан:
Номзүйн дэлгэрэнгүй
Үндсэн зохиолч: Serrano Migallón, Fernando (autor)
Формат: Ном
Хэл сонгох:испани
Хэвлэсэн: México : Porrúa : UNAM, Instituto de Investigaciones Jurídicas, 2000, c2000
Цуврал:(Doctrina Jurídica ; 26)
Нөхцлүүд:
Шошгууд: Шошго нэмэх
Шошго байхгүй, Энэхүү баримтыг шошголох эхний хүн болох!

MARC

LEADER 00000nam^a2200000^a^4500
001 000110453
005 20250521000000.0
009 20260310093757.653
020 |a 970-07-1977-4 
037 |a Acervo ITESO - Biblioteca 
041 |a ESP 
082 |a 346. 720482  |b SER 
100 |a Serrano Migallón, Fernando  |e (autor) 
245 1 0 |a México en el orden internacional de la propiedad intelectual /  |c F. Serrano Migallón ; presen. de Argpad Bogsch. 
264 4 |a México :  |b Porrúa :  |b UNAM, Instituto de Investigaciones Jurídicas,  |c 2000, c2000 
300 |a 2 v. 
336 |a texto  |b txt  |2 rdacontenido 
337 |a sin mediación  |b n  |2 rdamedio 
338 |a volumen  |b nc  |2 rdasoporte 
440 1 |a (Doctrina Jurídica ;  |v 26) 
520 |a Se compilan aquí tratados multilaterales y bilaterales que México ha suscrito en materia de propiedad intelectual, así como los instrumentos emitidos por la Organización Mundial de la Propiedad Intelectual que son aplicables a México. 
649 |a XX 
650 |a Derecho de Autor -  |z México 
650 |a Derecho de Autor 
650 |a Derecho Patrimonial -  |z México 
650 |a Derecho Patrimonial 
650 |a Derecho Civil -  |z México 
650 |a Derecho Privado -  |z México 
910 |a Fondo General 
920 |a Impresos - Libros 
930 |a Colección General 
905 |a 101 
901 |a 0500047410  |b IT1  |c ACC  |u 20250521 
902 |a https://opac.biblio.iteso.mx/vufind/Record/000110453